01138 2200349 4500001002100000005001500021007000300036008004100039020002200080035002000102040001600122041001300138082000800151084001400159090001900173100002100192245017700213250001000390260003800400300005700438500002900495504002400524700007600548850001000624990002200634990002200656990002200678990002200700990002200722990002200744990002200766INLIS00000000000229720260603085712ta260603 0  a978-602-50759-0-2 a0010-0220000148 aSBUPADbInd0 aindfind a571 a571 DYA k a571 DYA k T5-10 aDyah Umi Purnama1 aKeajaiban Tubuh Manusia :bWow Keren Kidzopdia Kumpulan Pengetahuan Anak Hebat /cDyah Umi Purnama, Editor: Tin Zulaeha, Anggita Linggar p, Sulistyo Wibiwo dan Elly Dian M aCet.1 aSurakarta :bBintang Kelas,c2017 a194 hlm. :bIlus. ;c26 cmeBibliografi, hlm 195-196 aTentang Penulis, hlm 198 abibliografi hlm 1950 aEditor: Tin Zulaeha, Anggita Linggar p, Sulistyo Wibiwo dan Elly Dian M aPUPAD a32.617/S/DPK/2019 a32.617/S/DPK/2019 a32.618/S/DPK/2019 a32.618/S/DPK/2019 a32.619/S/DPK/2019 a32.620/S/DPK/2019 a32.620/S/DPK/2019